000 00524nam a22001937a 4500
003 MPLRDC
005 20220104123852.0
008 210129b ||||| |||| 00| 0 eng d
020 _a957-13-0986-9
082 _a874.57 KENE
100 _aTHOMAS KENEALLY
245 _a辛德勒的名单
_c彭倩文译
250 _a初版二刷
260 _a台湾
_b时报文化出版企业有限公司
_c1994
300 _b597
490 _a大师名作坊. 21
650 _a美国文学--长篇小说
942 _cBK
_o874.57 KENE
999 _c14830
_d14820